Största städerna på T i Asien, enligt bild - Statistics

General Stats
  • This quiz has been taken 3 times
  • The average score is 8 of 20
Answer Stats
Picture Hint Answer % Correct
🇹🇼 2 590 000 Taipei
100%
🇮🇷 8 690 000 Teheran
100%
🇯🇵 9 730 000 Tōkyō
100%
🇮🇷 1 560 000 Tabriz
67%
🇺🇿 2 860 000 Tasjkent
67%
🇮🇳 1 680 000 Thiruvananthapuram (Trivandrum)
67%
🇨🇳 11 050 000 Tiānjīn
67%
🇹🇼 3 030 000 Taichung
33%
🇹🇼 1 880 000 Tainan
33%
🇨🇳 4 300 000 Tàiyuán
33%
🇮🇩 1 800 000 Tangerang
33%
🇮🇩 1 290 000 Tangerang Selatan
33%
🇬🇪 1 150 000 Tbilisi
33%
🇷🇺 1 190 000 Tjeljabinsk
33%
🇨🇳 1 420 000 Tàiān
0%
🇨🇳 1 490 000 Táizhōu
0%
🇨🇳 1 350 000 Tàizhōu
0%
🇨🇳 2 550 000 Tángshān
0%
🇹🇼 2 440 000 Taoyuan
0%
🇮🇳 1 860 000 Thrissur (Trichūr)
0%
No matching quizzes found
Score Distribution
Percent of People with Each Score
Percentile by Number Answered
Your Score History
You have not taken this quiz